[Event "AUTO-ELITE-547"]
[Site "http://www.queenalice.com/game.php?id=774202"]
[Date "2010.5.11"]
[Round "1"]
[White "argondog"]
[Black "cheleazul"]
[Result "1-0"]
[WhiteElo "2433"]
[BlackElo "2343"]

1. e4 e5 2. Nf3 Nc6 3. Bb5 a6 4. Ba4 Nf6 5. O-O b5 6. Bb3 Bb7 7. c3 h6 8. d4 d6
9. Nbd2 Be7 10. a4 O-O 11. Qe2 exd4 12. cxd4 Na5 13. Bc2 Qd7 14. Re1 Rfe8 15. e5
dxe5 16. dxe5 Bc5 17. axb5 Ng4 18. Rf1 Qxb5 19. Bd3 Qb6 20. Ra4 Nf6 21. Nc4 Nxc4
22. Rxc4 Nd7 23. Be4 Bxe4 24. Rxe4 Rad8 25. Qc4 Qb5 26. b4 Bb6 27. Bf4 c5 28.
Rb1 Qxc4 29. Rxc4 cxb4 30. Rcxb4 1-0

[Event "AUTO-ELITE-547"]
[Site "http://www.queenalice.com/game.php?id=774207"]
[Date "2010.5.11"]
[Round "1"]
[White "argondog"]
[Black "Alexandrovinsk"]
[Result "1-0"]
[WhiteElo "2411"]
[BlackElo "2116"]

1. e4 c5 2. Nf3 d6 3. d4 cxd4 4. Nxd4 Nf6 5. Nc3 a6 6. Bg5 e6 7. f4 Be7 8. Qf3
Qc7 9. O-O-O Nbd7 10. g4 b5 11. Bxf6 Nxf6 12. g5 Nd7 13. f5 Bxg5+ 14. Kb1 Nc5
15. Bxb5+ axb5 16. Ndxb5 Qa5 17. Nxd6+ Ke7 18. Qh5 1-0

[Event "AUTO-ELITE-547"]
[Site "http://www.queenalice.com/game.php?id=774208"]
[Date "2010.5.11"]
[Round "1"]
[White "Alexandrovinsk"]
[Black "argondog"]
[Result "0-1"]
[WhiteElo "2205"]
[BlackElo "2422"]

1. e4 c5 2. Nf3 d6 3. d4 cxd4 4. Qxd4 Nc6 5. Bb5 Bd7 6. Bxc6 Bxc6 7. Nc3 Nf6 8.
O-O e6 9. Bg5 Be7 10. Rfd1 O-O 11. Qe3 h6 12. Bh4 Ng4 13. Bxe7 Nxe3 14. Bxd8
Nxd1 15. Be7 Nxc3 16. Bxf8 Kxf8 17. bxc3 Bxe4 18. Nd4 Rc8 19. Nb5 Ke7 20. Nxa7
Rxc3 21. a4 d5 22. f3 Bxc2 23. Rc1 Rc5 24. Kf2 b6 25. Nb5 Bxa4 26. Rxc5 bxc5 27.
Nc3 Bc6 28. Ke2 d4 29. Nb1 c4 0-1

[Event "AUTO-ELITE-502"]
[Site "http://www.queenalice.com/game.php?id=776386"]
[Date "2010.5.16"]
[Round "2"]
[White "pumamercedino"]
[Black "argondog"]
[Result "1/2-1/2"]
[WhiteElo "2479"]
[BlackElo "2454"]

1. e4 c5 2. Nf3 d6 3. d4 cxd4 4. Nxd4 Nf6 5. Nc3 a6 6. Bg5 e6 7. f4 Qb6 8. Nb3
Be7 9. Qf3 Nbd7 10. O-O-O Qc7 11. Bd3 b5 12. a3 Bb7 13. Rhe1 h6 14. Bh4 O-O 15.
Nd4 Nc5 16. Qh3 Rfd8 17. Re3 Rab8 18. g4 Nh7 19. Bxe7 Qxe7 20. Be2 Qc7 21. Qg3
Qa5 22. g5 hxg5 23. fxg5 Nf8 24. Nb3 Nxb3+ 25. cxb3 b4 26. axb4 Qxb4 27. Bc4 Ng6
28. Red3 Ne5 29. g6 Nxg6 30. Rxd6 Rxd6 31. Rxd6 Re8 32. Rd7 Bc6 33. Rc7 Ne7 34.
h4 Qc5 35. Qg5 Qd6 36. Ra7 Kf8 37. h5 Qh2 38. Bd3 Qf2 39. h6 gxh6 40. Qxh6+ Kg8
41. Rxa6 Qg3 42. Kc2 Rd8 43. Qd2 Bb7 44. Ra7 Rxd3 45. Qxd3 Qf2+ 46. Kc1 Qxa7 47.
Qd8+ Kg7 48. Qxe7 Qe3+ 49. Kd1 Bxe4 50. Nxe4 Qxe4 51. Qg5+ Qg6 52. Qe5+ Kf8 53.
Kd2 1/2-1/2

[Event "AUTO-ELITE-502"]
[Site "http://www.queenalice.com/game.php?id=776387"]
[Date "2010.5.16"]
[Round "2"]
[White "argondog"]
[Black "pumamercedino"]
[Result "1-0"]
[WhiteElo "2433"]
[BlackElo "2488"]

1. e4 c5 2. Nf3 e6 3. d4 cxd4 4. Nxd4 Qb6 5. Nb3 Qc7 6. Nc3 a6 7. f4 Nc6 8. Be3
Bb4 9. Bd3 Nf6 10. Qf3 O-O 11. O-O Bxc3 12. bxc3 d6 13. Qg3 Bd7 14. a4 b5 15.
Nd2 Rfb8 16. a5 Rb7 17. Kh1 h5 18. h3 Be8 19. f5 h4 20. Qxh4 Ne5 21. Bd4 Rc8 22.
Rad1 Bd7 23. fxe6 Bxe6 24. Rxf6 gxf6 25. Qh6 Qe7 26. Rf1 Qf8 27. Qh4 Ng6 28. Qg3
Qg7 29. Bxf6 Qh6 30. Nb3 Bxb3 31. cxb3 Rd7 32. c4 bxc4 33. Bxc4 Rc5 34. Rf5 Rxf5
35. exf5 d5 36. fxg6 dxc4 37. Qe5 Rd1+ 38. Kh2 Re1 39. Qxe1 Qf4+ 40. Qg3 Qxf6
41. gxf7+ 1-0

[Event "2do TORNEO"]
[Site "http://www.queenalice.com/game.php?id=790020"]
[Date "2010.6.14"]
[Round "3"]
[White "cinics"]
[Black "argondog"]
[Result "0-1"]
[WhiteElo "2186"]
[BlackElo "2429"]

1. e4 c5 2. Nf3 d6 3. d4 cxd4 4. Nxd4 Nf6 5. Nc3 a6 6. Be2 e5 7. Nb3 Be7 8. O-O
O-O 9. Bg5 Be6 10. Bxf6 Bxf6 11. Nd5 Nd7 12. Qd3 Rc8 13. c3 Bg5 14. Rad1 Kh8 15.
Bf3 g6 16. h3 Kg7 17. Rfe1 Rh8 18. Bg4 Bxg4 19. hxg4 h5 20. Nb4 Be7 21. g5 h4
22. Qd5 Qc7 23. Qd2 Nb6 24. Nd5 Nxd5 25. Qxd5 b5 0-1

[Event "QA-ANNIV-06"]
[Site "http://www.queenalice.com/game.php?id=791082"]
[Date "2010.6.16"]
[Round "1"]
[White "cass"]
[Black "argondog"]
[Result "1-0"]
[WhiteElo "1606"]
[BlackElo "2426"]

1. e4 c5 2. Nf3 d6 3. d4 cxd4 4. Nxd4 Nf6 5. Nc3 a6 6. Bd3 g6 7. O-O Bg7 8. Be3
Ng4 9. Qd2 O-O 10. h3 Nxe3 11. Qxe3 Nc6 12. Nxc6 1-0

[Event "Challenge"]
[Site "http://www.queenalice.com/game.php?id=826499"]
[Date "2010.9.1"]
[Round "-"]
[White "amarkin"]
[Black "argondog"]
[Result "1-0"]
[WhiteElo "2492"]
[BlackElo "2419"]

1. e4 c5 2. Nf3 d6 3. d4 cxd4 4. Nxd4 Nf6 5. Nc3 a6 6. h3 g6 7. Be2 Nc6 8. Nxc6
bxc6 9. O-O Bg7 10. Be3 O-O 11. Qd2 d5 12. e5 Ne8 13. f4 f6 14. Na4 fxe5 15.
fxe5 Bxe5 16. Nb6 Rb8 17. Nxc8 Rxf1+ 18. Rxf1 Qxc8 19. Bg4 e6 20. Bf4 Bxf4 21.
Qxf4 Ng7 22. Qf7+ Kh8 23. b3 Qe8 24. Qc7 Kg8 25. Rf6 Rb4 26. c4 dxc4 27. Rf4 c5
28. Qxc5 a5 29. Qxa5 Rb5 30. Qc3 cxb3 31. axb3 Nf5 32. Rc4 Rd5 33. Rc7 Qb5 34.
Rc8+ Kf7 35. Rh8 Qb6+ 36. Kh1 Qd4 37. Rxh7+ Kf6 38. Rc7 1-0

[Event "AUTO-ELITE-547"]
[Site "http://www.queenalice.com/game.php?id=838229"]
[Date "2010.9.26"]
[Round "2"]
[White "arvo1938"]
[Black "argondog"]
[Result "1-0"]
[WhiteElo "2302"]
[BlackElo "2455"]

1. c4 Nf6 2. d4 g6 3. Nf3 Bg7 4. g3 O-O 5. Nc3 d6 6. Bg2 Nc6 7. O-O a6 8. Re1
Rb8 9. Qd3 Nb4 10. Qd1 Nc6 11. Bf4 b5 12. cxb5 axb5 13. e4 Bg4 14. Rc1 Nd7 15.
Ne2 Bxf3 16. Bxf3 Nxd4 17. Nxd4 Bxd4 18. Qxd4 e5 19. Qd2 exf4 20. Qxf4 Re8 21.
b4 Rb6 22. Bg2 Ne5 23. Bf1 Qd7 24. Rc3 Ra6 25. a3 c6 26. Be2 1-0

[Event "AUTO-ELITE-547"]
[Site "http://www.queenalice.com/game.php?id=838230"]
[Date "2010.9.26"]
[Round "2"]
[White "argondog"]
[Black "arvo1938"]
[Result "0-1"]
[WhiteElo "2443"]
[BlackElo "2319"]

1. e4 c5 2. Nf3 e6 3. d4 cxd4 4. Nxd4 Nc6 5. Nc3 Nf6 6. Ndb5 d6 7. Bf4 e5 8. Bg5
a6 9. Na3 Be6 10. Nc4 Rb8 11. Nd5 Bxd5 12. exd5 Ne7 13. Bxf6 gxf6 14. a4 Qc7 15.
c3 Bg7 16. a5 O-O 17. Be2 f5 18. O-O Ng6 19. Ne3 Ne7 20. Ra4 Qd7 21. Qb3 Qc7 22.
Rd1 Rfc8 23. Rb4 Bh6 0-1

[Event "AUTO-ELITE-547"]
[Site "http://www.queenalice.com/game.php?id=838231"]
[Date "2010.9.26"]
[Round "2"]
[White "edsDr23"]
[Black "argondog"]
[Result "1-0"]
[WhiteElo "2323"]
[BlackElo "2389"]

1. Nf3 Nf6 2. d4 g6 3. c4 Bg7 4. g3 O-O 5. Bg2 d6 6. O-O Nc6 7. Nc3 a6 8. e4 Bg4
9. h3 Bxf3 10. Bxf3 e5 11. d5 Nd4 12. Be3 Nd7 13. Bg2 c5 14. Qd3 f5 15. exf5
gxf5 16. Qd2 e4 17. Ne2 Ne5 18. Bxd4 cxd4 19. Nf4 Nxc4 20. Qb4 b5 21. Ne6 Qd7
22. b3 a5 23. Nxf8 1-0

[Event "AUTO-ELITE-547"]
[Site "http://www.queenalice.com/game.php?id=838232"]
[Date "2010.9.26"]
[Round "2"]
[White "argondog"]
[Black "edsDr23"]
[Result "0-1"]
[WhiteElo "2403"]
[BlackElo "2308"]

1. e4 Nf6 2. e5 Nd5 3. c4 Nb6 4. d4 d6 5. f4 dxe5 6. fxe5 Nc6 7. Be3 Bf5 8. Nf3
e6 9. Nc3 Bg4 10. Be2 Bxf3 11. gxf3 Bb4 12. Qd2 Na5 13. b3 Qh4+ 14. Bf2 Qh3 15.
O-O-O Nc6 16. Kb2 O-O-O 17. Qf4 Bxc3+ 18. Kxc3 Ne7 19. Qh4 Qxh4 20. Bxh4 Rde8
21. Bd3 g6 22. Rhg1 Nd7 23. Rd2 c6 24. Re2 a5 25. a3 Kc7 0-1

[Event "AUTO-ELITE-637"]
[Site "http://www.queenalice.com/game.php?id=840425"]
[Date "2010.10.1"]
[Round "1"]
[White "Donidon"]
[Black "argondog"]
[Result "1-0"]
[WhiteElo "2330"]
[BlackElo "2345"]

1. e4 c5 2. Nf3 d6 3. d4 cxd4 4. Nxd4 Nf6 5. Nc3 a6 6. Bc4 e6 7. Bb3 b5 8. O-O
Be7 9. f4 O-O 10. Be3 b4 11. Nce2 Bb7 12. Ng3 Nxe4 13. Nxe4 Bxe4 14. f5 e5 15.
Qg4 d5 16. Nf3 Nd7 17. Rad1 Nf6 18. Qg3 Rc8 19. Ne1 a5 20. Nd3 1-0

[Event "AUTO-ELITE-637"]
[Site "http://www.queenalice.com/game.php?id=840426"]
[Date "2010.10.1"]
[Round "1"]
[White "argondog"]
[Black "Donidon"]
[Result "0-1"]
[WhiteElo "2358"]
[BlackElo "2317"]

1. e4 c5 2. Nf3 Nc6 3. d4 cxd4 4. Nxd4 d6 5. Nc3 Nf6 6. Bg5 e6 7. Qd2 Be7 8.
O-O-O Nxd4 9. Qxd4 O-O 10. f4 Bd7 11. Bxf6 Bxf6 12. e5 Be7 13. exd6 Bf6 14. Qe3
g6 15. Be2 Bg7 16. Bf3 Qa5 17. Kb1 Rac8 18. Rd3 Rc4 19. Ne4 Rfc8 0-1

[Event "AUTO-ELITE-637"]
[Site "http://www.queenalice.com/game.php?id=840431"]
[Date "2010.10.1"]
[Round "1"]
[White "argondog"]
[Black "amarkin"]
[Result "0-1"]
[WhiteElo "2433"]
[BlackElo "2478"]

1. e4 c5 2. Nf3 d6 3. d4 cxd4 4. Nxd4 Nf6 5. Nc3 e5 6. Nf3 Be7 7. Bc4 Qc7 8. Qe2
O-O 9. O-O Bg4 10. Bb3 Na6 11. Bg5 Nc5 12. h3 Bd7 13. Rfd1 a5 14. Bxf6 Bxf6 15.
Bc4 Rfc8 16. b3 Bc6 0-1

[Event "AUTO-ELITE-637"]
[Site "http://www.queenalice.com/game.php?id=840432"]
[Date "2010.10.1"]
[Round "1"]
[White "amarkin"]
[Black "argondog"]
[Result "1-0"]
[WhiteElo "2485"]
[BlackElo "2426"]

1. d4 Nf6 2. c4 g6 3. Nc3 Bg7 4. e4 d6 5. Nf3 O-O 6. Be2 e5 7. dxe5 dxe5 8. Qxd8
Rxd8 9. Bg5 Re8 10. h3 Na6 11. Nd2 c6 12. Be3 Bf8 13. O-O-O Nc5 14. g4 h6 15.
Kc2 b6 16. a3 Ne6 17. Nf3 1-0

[Event "Toneo ULP"]
[Site "http://www.queenalice.com/game.php?id=843539"]
[Date "2010.10.9"]
[Round "4"]
[White "argondog"]
[Black "cinics"]
[Result "0-1"]
[WhiteElo "2375"]
[BlackElo "2210"]

1. e4 c5 2. Nf3 Nc6 3. d4 cxd4 4. Nxd4 e5 5. Nb5 Nf6 6. N1c3 Be7 7. Nd6+ Bxd6 8.
Qxd6 Qe7 9. Qxe7+ Nxe7 10. Bg5 Nfg8 11. Nb5 f6 12. Be3 Kf8 13. Nc7 Rb8 14. Bxa7
Nc6 15. Bxb8 Nxb8 16. O-O-O Ne7 0-1